000 00680nab a2200193 4500
001 244442
003 OSt
005 20240910090128.0
007 tu
008 200917s2020|||||||
040 _aDE-2950
_cDE-2950
245 0 0 _aDemonstranten fordern feste Brandmauer gegen AfD
_bKundgebung. Auf eine Demonstration durch Frankfurt folgte ein "Demokratie-Fest" mit Konzert und Diskussionen. Neo-Nazis störten die Veranstaltung/
_cLeonard Palm
264 _c2024
653 _aFrankfurt (Oder)
653 _aDemonstration
653 _agegen Rechtsextremismus
773 0 _g35. Jahrgang (2024) Nr. 211 vom 09.09.2024, S. 13, mit Foto
_tMärkische Oderzeitung
942 _2z
_cA
999 _c373329
_d373329